000 01182nam a2200301 a 4500
001 000025131
005 20250314113209.0
008 110210s1978 mx r 000 0 spa d
020 _z9684090170
040 _aDO-SdBNP
_bspa
_cBNPHU
041 1 7 _aspa
_heng
_2Código de idiomas MARC
082 _a333.716
_bB886d
100 1 _aBrubaker, Sterling.
_941990
240 1 0 _aIn command of tomorrow.
_lEspañol
245 1 3 _aEl dominio del mañana :
_bcómo convervar los recursos y mantener incontaminado el medio ambiente /
_cSterling Brubaker ; traducción de Olga Margarita Rivera.
260 _aMéxico, D. F. :
_bEditores Asociados,
_c1978.
300 _a190 p. ;
_c19 cm.
500 _a"Breve tratado de ecología".
534 _aTítulo de la obra en inglés :
_tIn command of tomorrow
650 4 _aMedio ambiente
_xContaminación
_951520
650 4 _aProtección del medio ambiente
_94185
650 4 _aControl ambiental
_xProyectos
_951521
650 0 _aConservación de los recursos naturales
_91562
650 4 _aContaminación
_xPrevención
_951522
650 0 _aConservación de la energía
_951523
700 1 _aRivera, Olga Margarita,
_etr.
_951524
049 _aBNGR
999 _c24624
_d24624